The UNHCR and world politics : (Record no. 4865)
[ view plain ]
| 000 -LEADER | |
|---|---|
| fixed length control field | 01056nac a22002531u 4500 |
| 008 - FIXED-LENGTH DATA ELEMENTS--GENERAL INFORMATION | |
| fixed length control field | 131028s2001 nyu|||||r|||| 00| 0 eng d |
| 010 ## - LIBRARY OF CONGRESS CONTROL NUMBER | |
| LC control number | 2001021839 |
| 020 ## - INTERNATIONAL STANDARD BOOK NUMBER | |
| International Standard Book Number | 0199246912 |
| 020 ## - INTERNATIONAL STANDARD BOOK NUMBER | |
| International Standard Book Number | 9780199246915 |
| 082 00 - DEWEY DECIMAL CLASSIFICATION NUMBER | |
| Classification number | 362.8756 |
| Item number | LOE |
| Edition number | 22 |
| 100 ## - MAIN ENTRY--PERSONAL NAME | |
| Personal name | Loescher, Gil. |
| 9 (RLIN) | 34267 |
| 245 14 - TITLE STATEMENT | |
| Title | The UNHCR and world politics : |
| Remainder of title | a perilous path / |
| Statement of responsibility, etc | Gil Loescher. |
| 260 ## - PUBLICATION, DISTRIBUTION, ETC. (IMPRINT) | |
| Place of publication, distribution, etc | New York : |
| Name of publisher, distributor, etc | Oxford University Press, |
| Date of publication, distribution, etc | 2001. |
| 300 ## - PHYSICAL DESCRIPTION | |
| Extent | xiv, 431 p. ; |
| Dimensions | 24 cm. |
| 504 ## - BIBLIOGRAPHY, ETC. NOTE | |
| Bibliography, etc | Includes bibliographical references (p. [384]-409) and index. |
| 610 20 - SUBJECT ADDED ENTRY--CORPORATE NAME | |
| Corporate name or jurisdiction name as entry element | Office of the United Nations High Commissioner for Refugees |
| General subdivision | History. |
| 9 (RLIN) | 34268 |
| 650 #0 - SUBJECT ADDED ENTRY--TOPICAL TERM | |
| Topical term or geographic name as entry element | Refugees |
| General subdivision | Government policy. |
| 9 (RLIN) | 34269 |
| 650 #0 - SUBJECT ADDED ENTRY--TOPICAL TERM | |
| Topical term or geographic name as entry element | Refugees |
| General subdivision | International cooperation. |
| 9 (RLIN) | 34270 |
| 653 ## - INDEX TERM--UNCONTROLLED | |
| Resource For college | |
| Arrived date list | October2013 |
| 655 ## - INDEX TERM--GENRE/FORM | |
| Form subdivision | |
| -- | 34232 |
| 856 41 - ELECTRONIC LOCATION AND ACCESS | |
| Materials specified | Table of contents only |
| Uniform Resource Identifier | <a href="http://www.loc.gov/catdir/enhancements/fy0612/2001021839-t.html">http://www.loc.gov/catdir/enhancements/fy0612/2001021839-t.html</a> |
| 856 41 - ELECTRONIC LOCATION AND ACCESS | |
| Materials specified | Publisher description |
| Uniform Resource Identifier | <a href="http://www.loc.gov/catdir/enhancements/fy0612/2001021839-d.html">http://www.loc.gov/catdir/enhancements/fy0612/2001021839-d.html</a> |
| 942 ## - ADDED ENTRY ELEMENTS (KOHA) | |
| Item type | NB - Book (Non borrowing) |
| Call number prefix | 362.8756 LOE |
| Source of classification or shelving scheme | Dewey Decimal Classification |
| Withdrawn status | Item status | Damaged status | Not for loan | Home library | Current library | Shelving location | Date acquired | Source of acquisition | Total Checkouts | Full call number | Barcode | Date last seen | Date last borrowed | Koha item type | Total Renewals | Source of classification or shelving scheme | Vendor |
|---|---|---|---|---|---|---|---|---|---|---|---|---|---|---|---|---|---|
| Central Library | Central Library | First floor | 26/09/2007 | Purchase | 1 | 362.8756 LOE | 000006051 | 15/07/2025 | 26/11/2008 | NB - Book (Non borrowing) | |||||||
| Central Library | Central Library | First floor | 26/09/2007 | Purchase | 3 | 362.8756 LOE | 000005853 | 15/07/2025 | 30/11/2016 | Book - Borrowing | 15 | ||||||
| Central Library | Central Library | First floor | 28/10/2013 | 2 | 362.8756 LOE | 000029560 | 15/07/2025 | 19/10/2017 | Book - Borrowing | 8 | Dewey Decimal Classification | Baccah |